Písmo Sväté Starého Zákona III. Kniha Jozue. Kniha Sudcov. Kniha Rut.

Bibliographic Details
Corporate Author: Kníhtlačiareň Spolku sv. Vojtecha (Trnava, Slovensko) (Printer)
Format: Book
Language:Slovak
PhysicalDescription:88 s. 27 cm
Published: V Trnave Nákladom spolku Sv. Vojtecha 1923
Series:Číslo podielových kníh 129
Subjects:

MARC

LEADER 00000cam a2200000 a 4500
001 vtls001384106
003 SK-MaSNL
005 20260301011441.0
008 240226s1923 xo slo
015 |a SNBHFA 
035 |a SNK000338210 
035 |a urn:nbn:sk:snk-am3ivk3 
035 |a 4B7740A6-2754-4A4A-8065-B525959787ED 
035 |a urn:nbn:sk:snk-am00fhej 
040 |a SNK  |b slo  |c SNK  |e AACR2 
041 1 |a slo 
044 |a xo  |c SK 
072 7 |a 2-23/-27  |x Biblia. Biblistika  |2 konspekt 
080 |a 27-23  |2 2011 
080 |a 2-27  |2 2011 
080 |a 27-27  |2 2011 
130 0 |a Písmo  |9 294872 
245 1 0 |a Písmo Sväté Starého Zákona  |n III.  |p Kniha Jozue. Kniha Sudcov. Kniha Rut. 
260 |a V Trnave  |b Nákladom spolku Sv. Vojtecha  |c 1923  |e Trnava  |f Tlačou kníhtlačiarne Spolku sv. Vojtecha 
300 |a 88 s.  |c 27 cm 
490 0 |a Číslo podielových kníh  |v 129 
500 |a Na titulnej strane pečať Spolku sv. Vojtecha, text v dvoch stĺpcoch, zložky 
501 |a Príväzok 2. k: Písmo Sväté Starého Zákona I. V Trnave: Nákladom Spolku sv. Vojtecha, 1928.  |5 SNK SB 13625/1-8 
563 |a Väzba plátená, tvrdé červené dosky.  |5 SNK SB 13625/3 D1 
630 0 7 |a Biblia  |2 SNKPH  |9 17043 
630 0 7 |a Biblia  |p Starý zákon  |2 SNKPH  |9 185646 
650 0 7 |a biblistika  |2 SNKPH  |9 1798 
700 1 |a Osvald, Richard František,  |d 1845-1926  |4 oth  |9 157581 
700 1 |a Rajner, Ľudovít,  |d 1842-1920  |4 cns  |9 294873 
710 2 |a Spolok sv. Vojtecha (Trnava, Slovensko)  |4 pbl  |9 34261 
710 2 |a Kníhtlačiareň Spolku sv. Vojtecha (Trnava, Slovensko)  |4 prt  |9 294874 
752 |a Slovensko  |d Trnava 
852 |a snk  |p SB 13625/1-8/prív.2 ; SB 13625/3 D1 
958 |a DG 
958 |a ONDV 
999 |c 550957  |d 552887 
952 |a SNK  |b SNK  |y PREZ  |7 0  |p 17A0229783  |o snkSB 13625/3 D1  |i snkF 1038/69  |0 0  |1 0  |4 0  |d 2000-03-01  |l 0  |r 2005-01-02 00:00:00  |w 2026-02-23 
952 |a SNK  |b SNK  |y PREZ  |7 0  |p 17A1397324  |o snkSB 13625/1-8/prív.2  |i snkF 5448/67  |0 0  |1 0  |4 0  |d 2021-04-16  |f 1  |l 0  |r 2025-03-14 00:00:00  |w 2026-02-23